[Event "ESNH-ch 2021"]
[Site "Tornelo"]
[Date "2021.04.17"]
[Round "5.2"]
[White "Ziska, Helgi Dam"]
[Black "Righi, Ezio"]
[Result "1-0"]
[WhiteElo "2539"]
[BlackElo "1915"]
[Annotator "TA"]
[PlyCount "79"]
[EventDate "2021.04.17"]
[EventType "tourn"]
[EventCountry "NET"]
[SourceTitle "playchess.com"]
[Source "ChessBase"]
[SourceQuality "1"]

{[%evp 13,79,0,16,12,16,18,2,4,8,8,16,8,35,20,19,3,32,3,87,70,70,64,80,76,73,71,67,72,64,64,78,83,172,168,231,226,226,194,199,202,203,210,206,216,206,196,207,179,186,185,189,182,238,216,523,511,495,488,1043,1039,1069,1050,1254,1234,2260,2566,2096,2092]} 1. c4 c6 2. Nf3 d5 3. g3 Nf6 4. Bg2 Bf5 5. O-O e6 6. cxd5 exd5 7. d3 Be7 8. Qb3 {A11: English Opening: 1...c6.} Qb6 9. Qc2 O-O 10. Nc3 {The position is equal.} Na6 11. e4 Bg4 {[#]} 12. h3 $146 ({Predecessor:} 12. Be3 Nb4 13. Qb3 Qd8 14. e5 Nd7 15. d4 Bf5 16. Ne1 Nb6 17. h3 Nc4 18. g4 {½-½ (42) Hrubcik,M (2414)-Sperhake,K (2501) ICCF email 2018}) 12... Bh5 13. g4 Bg6 14. Nh4 Rac8 15. Kh1 Nd7 (15... Nb4 $11 {keeps the balance.} 16. Qd1 d4) 16. Nxg6 $16 hxg6 17. exd5 Nb4 {[#]} 18. Qe2 {[%cal Re2e7]} Bf6 19. dxc6 Nxc6 20. Nd5 Qa6 21. Be3 Rfe8 {Black is on the road to losing.} 22. Rfc1 Nde5 (22... Nb6 $16) 23. Rc3 $18 g5 (23... Be7 {is a better defense.} 24. Rac1 Bd6) 24. Qd2 Ng6 25. Ra3 ({Weaker is} 25. Bxg5 Bxc3 26. bxc3 Nce7 $14) 25... Qb5 26. Rb3 (26. Bxg5 $2 Bxg5 27. Qxg5 Re5 $17) 26... Qa6 27. d4 ({Don't play} 27. Bxg5 Nd4 $16) 27... Nh4 28. Bf1 Qa5 29. Qxa5 Nxa5 30. Ra3 $36 {[%mdl 2048] White is on the roll.} Nc6 31. Nxf6+ gxf6 32. Rd1 a6 (32... Rcd8 $142 33. d5 Kg7) 33. d5 Nb4 (33... Ne5 34. Rb3 Re7) 34. Rb3 {White is clearly winning.} Nc2 35. Bb6 Re1 (35... Re7 $142 36. d6 Rd7) 36. Rxe1 Nxe1 37. d6 Rc1 38. d7 Nef3 39. d8=Q+ {[%mdl 64] Double Attack} Kg7 {[#]} 40. Rxf3 $1 {Weighted Error Value: White=0.05/Black=0.33} 1-0

[Event "ESNH-ch 2021"]
[Site "Tornelo"]
[Date "2021.04.17"]
[Round "5.3"]
[White "Wiedenkeller, Michael"]
[Black "Efimov, Igor"]
[Result "1-0"]
[WhiteElo "2445"]
[BlackElo "2416"]
[Annotator "TA"]
[PlyCount "49"]
[EventDate "2021.04.17"]
[EventType "tourn"]
[EventCountry "NET"]
[SourceTitle "playchess.com"]
[Source "ChessBase"]
[SourceQuality "1"]

{[%evp 11,49,12,50,40,35,39,50,56,57,60,56,43,47,43,56,49,139,141,143,147,350,351,461,164,177,176,167,173,323,321,432,454,29994,29995,29995,29996,29996,29997,29997,29998]} 1. d4 Nf6 2. c4 e6 3. Nc3 Bb4 4. Qc2 c5 5. dxc5 Qc7 6. Nf3 a6 7. g3 {E38: Nimzo-Indian: Classical: 4...c5.} Bxc5 8. Bg2 Be7 9. b3 {White is slightly better.} O-O 10. Bb2 d6 {[#]} 11. Ng5 $146 ({Predecessor:} 11. O-O Nbd7 12. Nd4 Ne5 13. Rfd1 Bd7 14. e3 Rac8 15. Rac1 Qb8 16. Qe2 Rfe8 17. h3 {½-½ (38) Gabriel,C (2510)-Atlas,V (2440) Germany 1996}) 11... Qa5 12. h4 Nbd7 13. O-O-O Rb8 (13... h6 $14) 14. Kb1 $1 $16 Rd8 15. Nce4 Nxe4 $2 {A mistake that costs the game.} (15... h6 $16 {is a better defense.}) 16. Bxe4 $18 (16. Qxe4 Nf8 $14) 16... f5 {[#]} 17. Bg2 $2 ({And not} 17. Nxe6 fxe4 18. g4 (18. Nxd8 Qxd8 19. h5 Nf6 $11) (18. Bxg7 $2 Qf5 $19) (18. Qxe4 $2 Nf6 $19) 18... b5 $11) (17. Rd5 $3 {[%mdl 512]} exd5 (17... Nc5 18. Bxf5) 18. Bxd5+ Qxd5 19. cxd5) 17... Nf6 {[#]} 18. e4 $1 fxe4 19. Nxe4 ({Don't do} 19. Bxe4 $6 Nxe4 20. Qxe4 Qf5 $14) 19... Nxe4 (19... Bd7 {keeps fighting.} 20. Bh3 (20. Nxd6 Bxd6 21. Rxd6 Bc6 $16) 20... e5 21. Bxd7 Rxd7) 20. Bxe4 h6 21. g4 Bd7 (21... Bf6 $18 22. Bxf6 gxf6) 22. Bh7+ {White mates.} Kh8 {[#]} 23. Bxg7+ $1 {[%mdl 512]} Kxg7 24. Qg6+ Kh8 {[#]} 25. Bg8 $1 {[%csl Gg8][%cal Rg6h7][%mdl 512] Weighted Error Value: White=0.19/Black=0.74} 1-0

[Event "ESNH-ch 2021"]
[Site "Tornelo"]
[Date "2021.04.17"]
[Round "5.4"]
[White "Berend, Fred"]
[Black "Darmanin, Jake"]
[Result "1-0"]
[WhiteElo "2323"]
[BlackElo "2106"]
[Annotator "TA"]
[PlyCount "125"]
[EventDate "2021.04.17"]
[EventType "tourn"]
[EventCountry "NET"]
[SourceTitle "playchess.com"]
[Source "ChessBase"]
[SourceQuality "1"]

{[%evp 16,125,41,39,45,-3,34,65,49,52,123,87,160,114,187,161,212,177,179,175,181,163,170,160,154,156,158,120,178,181,183,144,179,170,178,169,182,178,166,154,191,179,183,141,153,154,145,142,141,100,127,54,168,179,302,295,297,219,251,163,177,80,76,68,440,447,420,357,274,99,350,333,275,281,418,418,416,417,389,358,407,31,152,142,131,116,371,-150,-151,-2068,-1003,-918,-809,-29968,-29968,-29966,-29965,-1988,-118,-118,0,-29989,614,587,29977,29980,29980,29984,29981,29982,29982,29983]} 1. c4 Nf6 2. g3 g6 3. Bg2 Bg7 4. Nc3 e5 5. e4 O-O 6. Nge2 Nc6 7. O-O d6 8. d3 Nd7 9. Be3 Nc5 {A26: English Opening vs King's Indian with ...Nc6 and d3.} 10. f4 exf4 11. gxf4 f5 {White is slightly better.} 12. e5 {[#]} Bh6 $146 (12... Ne6 $14) ({Predecessor:} 12... g5 13. exd6 Qxd6 14. d4 Ne4 15. fxg5 Nxc3 16. bxc3 Qe7 17. Bf4 Nd8 18. Ng3 Ne6 {1-0 (25) Anwesh,U (2377)-Lornye,P (2290) Lvov 2018}) 13. d4 $16 Nd7 ({Black should try} 13... Ne4) 14. Bc1 Nb6 (14... Bg7 $16 15. Be3 Re8) 15. b3 Bd7 (15... Bg7 $142 16. d5 Nxe5) 16. e6 Be8 17. d5 Nb8 18. Qd3 Na6 19. Qh3 Bg7 20. Be3 Nc8 21. Rac1 Ne7 (21... c5 $16 22. Bd2 Rb8) 22. Bf2 $18 Bf6 23. Kh1 Kh8 24. Rfd1 Ng8 25. Nd4 Qe7 26. Qe3 Nh6 27. h3 g5 28. Nce2 g4 29. Bg1 Rg8 30. Ng3 Bg6 31. Rd2 Rg7 32. Bf1 Nc5 33. Rh2 (33. Bd3 $16) 33... Rag8 (33... Ne4 $14 34. Nde2 c5) 34. Be2 Qf8 (34... gxh3 $142 35. Rxh3 Bh4) 35. b4 Na4 36. h4 c5 37. dxc6 bxc6 38. c5 (38. Nxc6 $18 {and White stays clearly on top. Black must now prevent Bf1.} Be8 39. Na5 (39. Nxa7 Nc5 $16)) 38... dxc5 $16 39. bxc5 Qd8 $2 {[%mdl 8192]} (39... Nxc5 $14 40. h5 (40. Nxc6 Ne4 $15) 40... Bxd4) 40. Bc4 $18 Nxc5 41. Nxc6 Qd6 42. Ne5 (42. Qxc5 $18 {is the precise move to win.} Qxf4 43. Be3 $1 Qxg3 44. Bxh6) 42... Bxe5 {[%mdl 8192]} (42... Ne4 $16 {is a better defense.}) 43. fxe5 (43. Qxe5 Qxe5 44. fxe5 Ne4 $16) 43... Qc6+ 44. Rg2 f4 (44... Ne4 {keeps fighting.}) 45. Qxf4 (45. Qxc5 Qxc5 46. Bxc5 fxg3 $18) 45... Ne4 46. Kh2 Nxg3 47. Rxg3 Nf5 48. Bd3 $2 (48. e7 $1 $18 Re8 49. Rxg4 Rgxe7 50. Bf7 $1 {[%mdl 512]}) 48... Qxe6 (48... Qd5 $1 $14 49. Bc4 (49. Bxf5 Bxf5 50. e7 Be6 $14) 49... Qb7) 49. Bc4 $16 {[%mdl 64] Skewer} ({Don't do} 49. Rxg4 $6 Nh6 $14) 49... Qe7 50. Rxg4 Rf8 {[%mdl 8192]} (50... Bf7 $16 51. Rxg7 Rxg7) 51. e6 $2 {[#]} (51. Rf1 $1 $18) 51... Nxh4 $1 $17 {[%mdl 512]} 52. Qh6 (52. Rxh4 $17 Rxf4 53. Rxf4) 52... Nf3+ (52... Qc7+ $142 53. Rg3 Nf3+ 54. Kg2 Nxg1 {[%mdl 64] Overworked Piece} 55. Rxg1 Qxc4 {[%mdl 64] Double Attack}) 53. Kh1 $19 Ne5 54. Rf4 Rxf4 55. Qxf4 Qb7+ $1 56. Kh2 {[#]} Nf3+ $2 (56... Bf7 $1 $19 {[%csl Gg7][%cal Rb7g2][%mdl 512] has better winning chances.} 57. Rc2 Nf3+ {[%mdl 64] Double Attack} 58. Kh3 Nxg1+ 59. Kh2 Nf3+ 60. Kh3 Qc6 $1 61. Qb8+ Bg8) 57. Kh3 $17 {[#] Strongly threatening Qf8+.} Ng5+ 58. Qxg5 {[%mdl 8192] [#]} (58. Kh2 $11 Nf3+ 59. Kh3) 58... Qh1+ $4 {[%mdl 8192]} (58... Bf5+ $1 {[%mdl 512]} 59. Kg3 Rxg5+ 60. Kf4 Rg4+ 61. Ke3 Qb2 62. Bd5 Qxc1+ 63. Kf3 Qf1+ 64. Ke3 Qd3+ {[%mdl 64] Double Attack} 65. Kf2 Rf4+ 66. Bf3 Qxf3+ 67. Ke1 Qc3+ 68. Ke2 Bg4#) 59. Kg3 $18 {Bd4! is the strong threat.} Be4 60. Qxg7+ {White mates.} Kxg7 61. Bd4+ Kf8 62. Rxh1 Bxh1 63. Bc5+ {Weighted Error Value: White=0.87/Black=0.96} 1-0

[Event "ESNH-ch 2021"]
[Site "Tornelo"]
[Date "2021.04.17"]
[Round "5.5"]
[White "Apol, Luitjen Akselsson"]
[Black "Luke Brezmes, Cristofer"]
[Result "1/2-1/2"]
[WhiteElo "2092"]
[BlackElo "2043"]
[Annotator "TA"]
[PlyCount "99"]
[EventDate "2021.04.17"]
[EventType "tourn"]
[EventCountry "NET"]
[SourceTitle "playchess.com"]
[Source "ChessBase"]
[SourceQuality "1"]

{[%evp 22,99,36,39,56,54,75,67,95,38,39,45,26,41,48,39,38,50,79,60,64,19,43,23,62,52,82,12,25,-309,29,28,28,28,25,32,27,13,12,0,8,-10,24,8,40,25,332,338,329,0,1,6,2,2,1,10,6,0,0,0,0,0,0,-14,-8,-33,-28,-585,-575,-610,-611,-512,-18,-18,-16,-15,-12,-27,-48,-41]} 1. e4 e6 2. d4 d5 3. Nd2 Nf6 4. e5 Nfd7 5. Bd3 c5 6. c3 Nc6 7. Ne2 cxd4 8. cxd4 f6 9. exf6 Qxf6 10. Nf3 Bd6 11. Bg5 Qf7 12. O-O O-O {C06: French Tarrasch: 3...Nf6 4 e5 Nfd7 5 Bd3 main lines.} 13. Bh4 h6 14. Bg3 e5 {White is slightly better.} 15. dxe5 (15. Nc3 $1 $16) 15... Ndxe5 $14 16. Nxe5 Bxe5 17. Bxe5 Nxe5 18. Bc2 Bg4 {[#]} 19. f3 $146 ({Predecessor:} 19. f4 Nc4 20. Qd3 g6 21. Nd4 Bf5 22. Nxf5 Qxf5 23. Qxf5 gxf5 24. Rfe1 Rae8 25. Rxe8 Rxe8 26. Bxf5 {½-½ (42) Rego,V (2254)-Guimaraes,W (2232) Rio de Janeiro 2014}) 19... Be6 20. Nd4 Bd7 21. Re1 (21. f4 $5 {[%cal Rf4e5]} Ng4 22. Qd3 $14) 21... Qf4 22. Bb3 Nc4 23. Qd3 Rac8 24. Bc2 (24. Ne2 $16 Qd6 25. Rad1) 24... Ne5 25. Qh7+ Kf7 26. Nf5 Bxf5 27. Qxf5+ ({Wrong is} 27. Bxf5 $2 Rh8 $19) 27... Qxf5 28. Bxf5 Rce8 29. Rad1 Kf6 30. Bc2 Re6 31. Bb3 Rd8 32. Kf2 Red6 33. Rd4 b5 $2 {[%mdl 8192]} (33... a5 $11 {and Black stays safe.}) 34. Rf4+ $1 $18 Kg5 {[#]} 35. Kg3 $2 (35. Bc2 $1 $18 {[%mdl 512]} Kxf4 36. g3+ Kg5 37. f4+ Kf6 38. fxe5+ Ke7 39. exd6+ Kxd6 40. Re2) 35... Nd3 $11 36. Rg4+ Kf6 $1 37. Re3 h5 38. Rd4 Nxb2 39. Rf4+ Kg5 40. Re5+ Kh6 {Hoping for ...Nd3.} 41. Kh4 g6 {And now ...Nd3 would win.} 42. Rf7 {Threatens to win with g4.} R8d7 43. Rxd7 (43. Re6 $5) 43... Rxd7 44. Bxd5 {[%mdl 12288] Endgame [#] KRB-KRN} (44. Bc2 $11 {and White is okay.}) 44... Nd3 $1 $19 {[%cal Rd3e5]} 45. Rg5 {[#]} Nf4 $1 46. Be4 {intending Rc5.} a6 $2 (46... Rd2 $19 47. Rxb5 Rxg2 48. Bxg6 Nxg6+ 49. Kh3 Rxa2) 47. Rc5 $11 Rd2 {aiming for ...g5+!} ({Much weaker is} 47... Nxg2+ $6 48. Kg3 $14) 48. Kg3 $1 {[%cal Rg3f4]} g5 {[%csl Gf4][%cal Rd2g2]} ({Much worse is} 48... Nxg2 $6 49. Rc6 $14) 49. Rc6+ {[%mdl 64] Double Attack} Kg7 {[%csl Gf4][%cal Rd2g2]} 50. Rc2 {Never resign too early!  Weighted Error Value: White=0.40/Black=0.46} 1/2-1/2

[Event "ESNH-ch 2021"]
[Site "Tornelo"]
[Date "2021.04.17"]
[Round "6.1"]
[White "Constantinou, Pavlos"]
[Black "Luke Brezmes, Cristofer"]
[Result "0-1"]
[WhiteElo "2120"]
[BlackElo "2043"]
[Annotator "TA"]
[PlyCount "88"]
[EventDate "2021.04.17"]
[EventType "tourn"]
[EventCountry "NET"]
[SourceTitle "playchess.com"]
[Source "ChessBase"]
[SourceQuality "1"]

{[%evp 9,88,25,24,33,47,36,48,50,65,63,65,21,21,21,21,21,59,33,34,3,21,21,37,33,44,34,47,49,77,28,45,0,0,-52,-63,-104,-92,-127,-136,-128,-114,-172,-172,-265,-273,-272,-271,-270,-260,-253,-252,-256,-260,-368,-335,-408,-394,-369,-329,-325,-304,-329,-308,-379,-351,-493,-280,-456,-206,-278,0,-646,-645,-623,-635,-599,-585,-1458,-1450,-1330,-1328]} 1. e4 e6 2. d4 d5 3. Bd3 Nf6 4. e5 Nfd7 5. Ne2 c5 {[#] ...c4 is the strong threat.} 6. c3 {C01: French: Exchange Variation.} Nc6 7. a3 c4 8. Bc2 {[#] White is slightly better.} Nb6 $146 ({Predecessor:} 8... b5 9. O-O a5 10. Nf4 Nb6 11. Nh5 Ra7 12. Re1 Qe7 13. Nd2 Kd8 14. Qg4 f5 15. exf6 gxf6 {1-0 (32) Jaksland,T (2247)-Guindy,E (2131) Svendborg 2020}) 9. O-O Bd7 10. f4 g6 11. Nd2 Na5 12. Nf3 Bc6 13. Be3 Qd7 14. Bf2 Be7 15. a4 h5 16. Kh1 Nc8 17. Neg1 Qd8 18. Nh3 Qb6 19. Rb1 Nb3 20. Bxb3 (20. Nhg5 {is more complex.} Bxa4 21. Bh4 Kf8 22. Nxf7 Kxf7 23. Ng5+) 20... Qxb3 21. Qxb3 ({White should try} 21. Qe1 $1 $11) 21... cxb3 $15 22. Ra1 Nb6 23. a5 Nc4 24. Rfd1 Bd8 25. a6 (25. Nd2 $17) 25... bxa6 $19 ({Don't play} 25... Nxb2 26. Rdb1 $15) 26. Rxa6 (26. Nd2 $142) 26... Bb5 (26... Nxb2 27. Rb1 $15) 27. Raa1 a5 (27... Nxb2 28. Rdb1 $15) 28. Nd2 Nxd2 ({Less strong is} 28... Nxb2 29. Rdb1 $17) 29. Rxd2 a4 30. Be1 Be7 31. Nf2 (31. Rb1 $142) 31... Kd7 32. Nd1 Rhb8 33. Kg1 Kc6 34. Kf2 Bc4 35. Ke3 Kb5 36. h4 Rb7 37. g3 (37. Rb1 $142 Rba7 38. g3) 37... Rba7 (37... a3 $142 38. Nf2 a2) 38. Rb1 $2 (38. Ra3) 38... Bf1 (38... a3 $142 39. Nf2 a2) 39. Rh2 Bc4 $2 (39... a3 $19 {White must now prevent ...a2.} 40. bxa3 Rxa3) 40. Rf2 $2 {[%mdl 8192]} (40. Rd2 $11 a3 41. Nf2) 40... a3 {Black is clearly winning.} 41. bxa3 Rxa3 42. Rfb2 Ra1 43. Kd2 Rxb1 {[%mdl 64] [#] Overworked Piece} 44. Rxb1 Ra2+ {Weighted Error Value: White=0.60/Black=0.35} 0-1

[Event "ESNH-ch 2021"]
[Site "Tornelo"]
[Date "2021.04.17"]
[Round "6.2"]
[White "Darmanin, Jake"]
[Black "Apol, Luitjen Akselsson"]
[Result "1-0"]
[WhiteElo "2106"]
[BlackElo "2092"]
[Annotator "TA"]
[PlyCount "41"]
[EventDate "2021.04.17"]
[EventType "tourn"]
[EventCountry "NET"]
[SourceTitle "playchess.com"]
[Source "ChessBase"]
[SourceQuality "1"]

{[%evp 9,41,0,0,-7,0,0,0,-13,-13,-17,-4,-10,0,-30,-10,-34,-16,-75,-42,-50,-29,-64,-50,-50,-25,-32,390,367,404,400,461,447,484,479]} 1. e4 c5 2. Nf3 d6 3. c3 Nf6 4. h3 Nc6 5. Bd3 d5 6. exd5 {B50: Sicilian: 2...d6, Miscellaneous.} Qxd5 7. Qe2 e6 {[#]} 8. Na3 $146 {[%cal Bb1a3,Ba3c4,Bc4e3][%mdl 32] The position is equal.} ({Predecessor:} 8. O-O Be7 9. Na3 O-O 10. Bc2 b6 11. Re1 Bb7 12. Nc4 Rad8 13. a3 Qh5 14. d3 {½-½ (77) Almasi,Z (2689)-Swiercz,D (2620) Berlin 2015}) 8... Be7 9. Nc4 O-O 10. O-O b6 11. Ne3 Qd7 12. Bb5 {Hoping for Ne5!} Bb7 13. d4 (13. Ne5 $11 Qc7 14. Bxc6 Bxc6 15. Nxc6 Qxc6 16. Nc4) 13... cxd4 (13... a6 $5 {[%cal Ra6b5]} 14. Bxc6 Qxc6 $17) 14. Rd1 {[%cal Rf3d4]} Rfd8 15. cxd4 a6 16. Bc4 Nb4 17. Ne5 Qd6 {[%mdl 8192] [#] Black cannot hold the game after this.} (17... Qc7 $15 {stays ahead.}) 18. Nf5 $1 $18 {[%cal Rf5d6][%mdl 512]} Qc7 {[#]} 19. Nxf7 $1 {[%mdl 512]} Bd5 (19... Re8 20. Bxe6) 20. Nxd8 Bxc4 21. Nxe6 {[%mdl 64] Double Attack.  Weighted Error Value: White=0.13/Black=0.59} 1-0

[Event "ESNH-ch 2021"]
[Site "Tornelo"]
[Date "2021.04.17"]
[Round "6.3"]
[White "Efimov, Igor"]
[Black "Berend, Fred"]
[Result "1-0"]
[WhiteElo "2416"]
[BlackElo "2323"]
[Annotator "TA"]
[PlyCount "139"]
[EventDate "2021.04.17"]
[EventType "tourn"]
[EventCountry "NET"]
[SourceTitle "playchess.com"]
[Source "ChessBase"]
[SourceQuality "1"]

{[%evp 11,139,49,31,31,29,32,37,35,37,39,49,41,57,35,49,53,64,43,103,77,67,62,66,58,56,56,60,61,56,37,38,37,45,52,51,41,54,51,66,11,9,8,16,8,18,22,19,0,52,52,64,57,67,67,76,77,93,67,114,92,95,7,6,0,0,0,84,54,236,42,229,132,700,687,633,623,1137,1135,1143,1144,977,784,1009,1083,967,912,1291,1282,1247,1162,1248,1247,1237,1156,1053,0,1166,1129,1011,992,404,790,1546,1533,29977,29978,29978,29979,29979,29977,29979,29980,29981,29982,29982,29983,29984,29985,29985,29984,29984,29985,29985,29986,29988,29987,29987,29988,29988,29989]} 1. e4 c5 2. Nf3 e6 3. b3 Nc6 4. Bb2 Nf6 5. e5 Nd5 6. g3 b6 7. Bg2 {B40: Sicilian: 2...e6, Unusual lines.} Bb7 8. O-O {[#]} Qb8 $146 ({Predecessor:} 8... Be7 9. c4 Nc7 10. Nc3 O-O 11. Ne4 Ne8 12. d4 cxd4 13. Nxd4 Nxe5 14. Nxe6 dxe6 15. Bxe5 {1-0 (39) Vavulin,M (2474)-Taysayev,T (2231) Sochi 2016}) 9. Re1 {White is slightly better.} Be7 10. c4 Ndb4 {Threatening ...Nd3.} 11. d3 O-O 12. a3 Na6 13. Nc3 f6 14. Nb5 Rf7 (14... f5 $14) 15. Ra2 Nc7 16. exf6 gxf6 17. Nxc7 Qxc7 18. d4 Nxd4 19. Nxd4 cxd4 20. Bxd4 Bxg2 21. Kxg2 Qb7+ 22. Kg1 Rd8 23. a4 Bb4 24. Re3 e5 25. Bc3 (25. Bb2 $14) 25... Bxc3 $11 26. Rxc3 d5 27. Qg4+ Kh8 28. cxd5 Qxd5 29. Rc8 (29. Re2 {feels hotter.} Qd1+ 30. Kg2 Qd5+ 31. Rf3 f5 32. Qh5) 29... f5 ({Better is} 29... Rxc8 $11 30. Qxc8+ Kg7) 30. Rxd8+ $14 Qxd8 {[%mdl 4096] Endgame KQR-KQR} 31. Qe2 Qf6 32. Rc2 Kg7 33. b4 e4 34. b5 Qe5 35. Qh5 {Qg5+ is the strong threat.} h6 36. Qe2 (36. Kg2 $16) 36... f4 $11 37. Qe1 Rd7 38. Rc4 f3 (38... e3 $11 39. gxf4 Qe6) 39. h4 $16 Re7 $2 {[#] White stays focused until the end.} (39... Rd4 $14 40. Qa1 Rd5 41. Qxe5+ Rxe5) 40. Kh2 $2 ({Only move:} 40. Qe3 $1 $18) 40... Qd5 $2 (40... e3 $14 41. Qxe3 Qxe3 42. fxe3 Rxe3) 41. Qc3+ $18 Kg6 $2 {[%mdl 8192]} (41... Qe5 $16) 42. Rc6+ Re6 43. g4 Kf7 44. Rc7+ {[%mdl 64] [#] Double Attack} Re7 45. Rxe7+ {[%mdl 64] Overworked Piece} Kxe7 {KQ-KQ} 46. Qg7+ {[%mdl 64] Double Attack} Kd8 47. Qxh6 Qe5+ 48. Kh3 Qa1 49. Qd6+ Kc8 50. Qc6+ Kb8 51. Qe8+ Kc7 52. Qe7+ Kb8 53. Qe8+ Kc7 54. Qxe4 Qh1+ 55. Kg3 Qg2+ 56. Kf4 Qxf2 57. h5 a6 58. bxa6 {White mates.} Qe2 59. Qxf3 Qxa6 60. Qe4 Qf1+ 61. Kg5 Qa1 62. h6 Kb8 63. Kg6 Ka7 64. h7 Qh8 65. Qe7+ Ka6 66. Qe2+ Ka7 67. g5 Kb7 68. Qe7+ Ka6 69. Qf6 Qe8+ 70. Kh6 {Weighted Error Value: White=0.25/Black=0.56} 1-0

[Event "ESNH-ch 2021"]
[Site "Tornelo"]
[Date "2021.04.17"]
[Round "6.4"]
[White "Righi, Ezio"]
[Black "Wiedenkeller, Michael"]
[Result "0-1"]
[WhiteElo "1915"]
[BlackElo "2445"]
[Annotator "TA"]
[PlyCount "60"]
[EventDate "2021.04.17"]
[EventType "tourn"]
[EventCountry "NET"]
[SourceTitle "playchess.com"]
[Source "ChessBase"]
[SourceQuality "1"]

{[%evp 14,60,21,34,24,0,0,0,0,0,0,-11,3,-36,-32,-34,-29,-35,-29,-33,-30,-43,-27,-28,-29,-40,-41,-56,15,-111,-105,-146,-146,-268,-268,-239,-277,-246,-268,-264,-265,-256,-249,-210,-239,-854,-843,-768,-791]} 1. e4 e6 2. d4 d5 3. Nc3 Nf6 4. Bg5 dxe4 5. Nxe4 Be7 6. Bxf6 gxf6 7. Nf3 f5 8. Nc3 a6 {C13: French: Classical System: 4 Bg5 Be7, Alekhine-Chatard Attack.} 9. Qd2 b5 10. g3 Bb7 {The position is equal.} 11. Bg2 c5 12. O-O (12. Rd1 {keeps more tension.} cxd4 13. O-O Qc7 14. Nxd4 Bxg2 15. Kxg2 O-O 16. Nf3) 12... cxd4 13. Qxd4 Qxd4 14. Nxd4 Bxg2 15. Kxg2 {[#]} Bf6 $146 {[%mdl 2048] Black is pushing.} ({Predecessor:} 15... Nd7) 16. Rad1 O-O 17. Nce2 Ra7 18. Rd2 Nd7 19. Rfd1 Nb6 {Threatens to win with ...Nc4.} 20. b3 Rc7 {[#]} ({Better is} 20... Rb7 $15) 21. f4 (21. Nxf5 $1 $11 Nd5 22. Nh6+ Kg7 23. Ng4) 21... Nd5 $17 22. Kf2 Bxd4+ 23. Nxd4 (23. Rxd4 $17 {was forced.} Rxc2 24. R4d2) 23... Nc3 $19 {[%mdl 64] Double Attack} 24. Re1 Ne4+ 25. Rxe4 fxe4 {KRR-KRN} 26. Ke3 Rc3+ 27. Kxe4 f5+ 28. Ke5 {[#]} Kf7 {And now ...Rd8! would win.} 29. Rd3 $2 (29. Ne2 Re3+ 30. Kd4) 29... Rxd3 30. cxd3 Rd8 {[%csl Ge6][%cal Rd8d5] Weighted Error Value: White=0.54/Black=0.07} 0-1

[Event "ESNH-ch 2021"]
[Site "Tornelo"]
[Date "2021.04.17"]
[Round "6.5"]
[White "Carpenter, Paul A"]
[Black "Ziska, Helgi Dam"]
[Result "0-1"]
[WhiteElo "1982"]
[BlackElo "2539"]
[Annotator "TA"]
[PlyCount "78"]
[EventDate "2021.04.17"]
[EventType "tourn"]
[EventCountry "NET"]
[SourceTitle "playchess.com"]
[Source "ChessBase"]
[SourceQuality "1"]

{[%evp 9,78,-16,-16,-16,-13,-8,-11,-14,-4,-15,-15,-18,-10,-8,-13,-54,-45,-64,-56,-55,-34,-79,-67,-66,-75,-73,-72,-143,-125,-247,-241,-444,-443,-434,-436,-445,-429,-425,-213,-162,-131,-120,-132,-300,-312,-319,-292,-261,-258,-581,-563,-557,-570,-594,-558,-719,-728,-717,-706,-826,-786,-869,-845,-921,-878,-4818,-4814,-1984,-1868,-2394,-1962]} 1. d4 Nf6 2. Nf3 g6 3. Nbd2 Bg7 4. e3 O-O 5. c4 d6 6. Be2 {A48: 1 d4 Nf6 2 Nf3 g6: Torre, London and Colle Systems.} Nbd7 7. b4 a5 8. b5 {[#] The position is equal.} e5 $146 ({Predecessor:} 8... a4 9. a3 c6 10. bxc6 bxc6 11. Rb1 Nb6 12. O-O Bf5 13. Rb4 c5 14. Rb5 Bd7 {0-1 (41) Hilbig,K (1771)-Hellwege,W (1974) Buesum 2014}) 9. Bb2 e4 10. Ng5 Re8 11. h4 a4 12. a3 d5 13. c5 h6 14. Nh3 Nh7 15. h5 {[#]} Nxc5 $1 16. hxg6 fxg6 17. Nf4 {[#]} Qg5 18. dxc5 (18. Kf1 $142 Rd8 19. Rc1) 18... Bxb2 $17 19. Ra2 (19. Nxd5 $17 Qxg2 20. Rf1) 19... Be5 $19 20. Nxd5 (20. g3) 20... Qxg2 21. Rf1 Be6 22. Nc4 {[#]} Rad8 $1 23. Nxe5 {And now Rd2 would win.} Bxd5 (23... Rxd5 $142 24. Qa1 Qg5) 24. Nc4 Nf6 25. Rd2 h5 26. Nd6 $2 {This costs White the game.} (26. Qxa4 $17 h4 27. b6) 26... cxd6 27. Rxd5 Nxd5 28. Qxd5+ Kh8 29. cxd6 (29. c6 bxc6 30. bxc6) 29... Qh2 {Black is clearly winning.} 30. d7 Re7 31. Qg5 Qe5 32. f4 Qxg5 33. fxg5 Rdxd7 {[%mdl 4096] Endgame KRR-KRB} 34. Bc4 Kg7 35. Rf6 Re5 36. Ke2 Rxg5 37. Re6 h4 38. Rxe4 h3 39. Be6 Re7 {Weighted Error Value: White=0.95/Black=0.09} 0-1